000 00891nam a2200229Ia 4500
003 Ost
005 20260507074851.0
008 260507s9999||||xx |||||||||||||| ||und||
020 _a9960245198
040 _cfsecg
041 _aara
082 _a310
100 _aتايلور الثالث، برنارد
_eمؤلف
245 0 _aمقدمة في علم الإدارة /
_c برنارد تايلور الثالث
260 _aالرياض:
_bدار المريخ,
_c2007
300 _a448 صفحة؛
_bإيضاحات ؛
_c28 سم
520 _aيضم الاحتمال والاحصاء، تحليل القرار، تحليل الصفوف، المحاكاة، التنبؤ، إدارة المخزون
653 _aالإحصاء - المعاملات الإرتباطية
653 _aالإدارة
653 _aالإدارة- الطرق الإحصائية
942 _cكتاب
999 _c41569
_d41569